(Honest) Truth About Dishonesty: How We Lie To everyone Especially Ourselves (Record no. 45112)

MARC details
000 -LEADER
fixed length control field 00484nam a2200181Ia 4500
008 - FIXED-LENGTH DATA ELEMENTS--GENERAL INFORMATION
fixed length control field 220531s9999 xx 000 0 und d
041 ## - LANGUAGE CODE
Language code of text/sound track or separate title eng
082 ## - DEWEY DECIMAL CLASSIFICATION NUMBER
Item number (HO / ARI
100 ## - MAIN ENTRY--PERSONAL NAME
Personal name Ariely, D.
9 (RLIN) 81736
245 ## - TITLE STATEMENT
Title (Honest) Truth About Dishonesty: How We Lie To everyone Especially Ourselves
250 ## - EDITION STATEMENT
Edition statement 1ST
260 ## - PUBLICATION, DISTRIBUTION, ETC. (IMPRINT)
Place of publication, distribution, etc. london
Name of publisher, distributor, etc. Harper Collins
Date of publication, distribution, etc. 2012
300 ## - PHYSICAL DESCRIPTION
Extent 285
542 ## - INFORMATION RELATING TO COPYRIGHT STATUS
Copyright holder 18-03-2016
650 ## - SUBJECT ADDED ENTRY--TOPICAL TERM
Topical term or geographic name as entry element General
9 (RLIN) 81737
906 ## - LOCAL DATA ELEMENT F, LDF (RLIN)
d 2015-2016
f 8758
Holdings
Withdrawn status Lost status Source of classification or shelving scheme Damaged status Not for loan Collection code Home library Current library Date acquired Vendor Cost, normal purchase price Total Checkouts Total Holds Full call number Barcode Date last seen Cost, replacement price Bill Date Koha item type Original Barcode
    Dewey Decimal Classification       Shri Siddhivinayak Mahila Mahavidyalaya Shri Siddhivinayak Mahila Mahavidyalaya 18/03/2016 Tokekar Madhura 399.00   1 /(HO/ARI/B/25350 SSMM-BK-25350 06/08/2022 399.00 06/08/2022 Books 010025350